00742 a2200181 4500003000500000005001700005010001600022020001700038040000900055082001800064100002400082245005700106250001200163260004200175300002100217505026100238650006100499Nust20230125094731.0 a 93930592 a969816202X : cNust00a891.42099,JAV1 aJaveid, Inamul Haq,10aPakistan in Punjabi literature /cInamul Haq Javeid. a1st ed. aIslamabad :bMaktaba-i-Fanoos,c1993. a120 p. ;c22 cm. aBefore and after the Glorious (Page-13), Nation at war (1965-1971) (Page-39), Significant dates Heroes Flag and other topics (Page-63), General Trends (Page-83), The Patriotic Element in Literature (Page-99), Conclusion (Page-113), Bibliography (Page-117). 0aPanjabi literaturey20th centuryxHistory and criticism.